| 000 | 00713nam a22002057a 4500 | ||
|---|---|---|---|
| 005 | 20250811122105.0 | ||
| 008 | 250811b |||||||| |||| 00| 0 eng d | ||
| 037 | _c978-1-119-23788-4(bbk) | ||
| 040 |
_aCRL _cCRL |
||
| 084 |
_aY13g Q2 _qCRL |
||
| 245 | _aWiley-Blackwell handbook of adulthood and aging | ||
| 260 |
_aMalden, USA: _bWiley Blackwell, _c2012. |
||
| 300 | _axxi,562p. | ||
| 365 |
_b54.95 _cUSD |
||
| 650 | _2SOCIOLOGY | ||
| 700 |
_aWhitbourne, Susan Krauss _eEditor _9457377 |
||
| 700 |
_aSliwinski, Martin J. _eEditor _9817675 |
||
| 942 |
_2CC _cTB _hY13g Q2 _n0 |
||
| 999 |
_c1434661 _d1434661 |
||